000 00234 a2200097 4500
001 46564
100 _aRizvi, Syed Mehmood
245 _aAql-i-Salim
260 _aKarachi
_bPak American Comercial Corporation
_c
090 _c29673
_d29673
942 _aNUST-CAE
_cM
_c21861
999 _c281637
_d281637